Κατάλογος Βιβλιοθηκών Mediterranean College

Decision Support and Expert Systems / Management Support Systems: Second Edition (Record no. 3348)

MARC details
000 -LEADER
fixed length control field 02284cam a22002174a 4500
005 - ΗΜΕΡΟΜΗΝΙΑ ΚΑΙ ΩΡΑ ΤΕΛΕΥΤΑΙΑΣ ΕΝΗΜΕΡΩΣΗΣ
Πεδίο ελέγχου 20250605164112.0
008 - FIXED-LENGTH DATA ELEMENTS--GENERAL INFORMATION
Πεδίο ελέγχου σταθερού μήκους 250528s ||||||||||||||||||||||||d
035 ## - SYSTEM CONTROL NUMBER
System control number 17954
020 ## - ISBN
ISBN 29464552
040 ## - ΠΗΓΗ ΚΑΤΑΛΟΓΟΓΡΑΦΗΣΗΣ
Φορέας πρωτότυπης καταλογογράφησης MC Athens Campus Library
Γλώσσα καταλογογράφησης Ελληνικά, Μοντέρνα (1453-)
Modifying agency MC Athens Campus Library
Κανόνες περιγραφικής καταλογογράφησης AACR2
245 1# - ΤΙΤΛΟΣ ΚΑΙ ΔΗΛΩΣΗ ΥΠΕΥΘΥΝΟΤΗΤΑΣ
Τίτλος Decision Support and Expert Systems / Management Support Systems: Second Edition
250 ## - EDITION STATEMENT
Edition statement 2nd
260 ## - PUBLICATION, DISTRIBUTION, ETC.
Name of publisher, distributor, etc. Macmillan Publishing Company,
Date of publication, distribution, etc. 1990
300 ## - PHYSICAL DESCRIPTION
Extent 846
505 0# - FORMATTED CONTENTS NOTE
Formatted contents note Management Support Systems - An Overview, Decision Making and Systems and Modelling and Support, Modelling, Decision Support Systems and Group DSS: An Overview, Constructing a Decision Support System, The DSS Development Tools, The Interactive Financial Planning System (IFPS), Illustrative DSS Applications, Executive Information and Support Systems, Applied Artificial Intelligence, Fundamentals of Expert Systems, Knowledge Acquisition, Knowledge Representation and Inferencing, Building Expert Systems: Process and Tools and Strategy, Major Case Studies, Coopers and Lybrand's Expert System (ExperTAX), Expert Systems Applications Cases, User Interface, Management Support Systems Integration, Implementing Management Support Systems, Organizational and Societal Impacts of Management Support Systems, The Future of Management Support Systems, Glossary, Index.
520 ## - SUMMARY, ETC.
Summary, etc. Management Support Systems - An Overview, Decision Making and Systems and Modelling and Support, Modelling, Decision Support Systems and Group DSS: An Overview, Constructing a Decision Support System, The DSS Development Tools, The Interactive Financial Planning System (IFPS), Illustrative DSS Applications, Executive Information and Support Systems, Applied Artificial Intelligence, Fundamentals of Expert Systems, Knowledge Acquisition, Knowledge Representation and Inferencing, Building Expert Systems: Process and Tools and Strategy, Major Case Studies, Coopers and Lybrand's Expert System (ExperTAX), Expert Systems Applications Cases, User Interface, Management Support Systems Integration, Implementing Management Support Systems, Organizational and Societal Impacts of Management Support Systems, The Future of Management Support Systems, Glossary, Index.
700 1# - ΠΡΟΣΘΕΤΗ ΑΝΑΓΡΑΦΗ--ΦΥΣΙΚΟ ΠΡΟΣΩΠΟ
Personal name Turban Efraim
9 (RLIN) 1346
942 ## - ADDED ENTRY ELEMENTS (KOHA)
Koha item type Books
Holdings
Τύπος τεκμηρίου Βιβλιοθήκη Τρέχουσα τοποθεσία Barcode Αριθμός εισαγωγής Ημερομηνία απόκτησης Ταξιθετικό σύμβολο Αριθμός αντιτύπου Κατάσταση απόσυρσης Κατάσταση χαμένου Κατάσταση κατεστραμμένου Μη δανεισμός Σύνολο δανεισμών Ημερομηνία τελευταίας εμφάνισης Η τιμή ισχύει από
Books MC Athens Campus Library MC Athens Campus Library 9780000033475 1726 05/06/2025 658.4/03 TUR 1           05/06/2025 05/06/2025

MC Athens Campus Library
Πατησίων 94 & Κοδριγκτώνος 13, 104 34
Πελλήνης 8 & Πατησίων 107, 112 51
Τ: +30 210 8899600

MC Thessaloniki Campus Library
Ίωνος Δραγούμη 21, 54625 | Ίωνος Δραγούμη 15, 54625
Τ: +30 2310 287779 – Τ: +30 2314 440300